Online
Catalog

Para eso nací : (Record no. 3079)

MARC details
000 -CABECERA
campo de control de longitud fija 00910nam a2200277 a 4500
001 - NÚMERO DE CONTROL
campo de control 000003248
005 - FECHA Y HORA DE LA ÚLTIMA TRANSACCIÓN
campo de control 20260119125218.0
008 - DATOS DE LONGITUD FIJA--INFORMACIÓN GENERAL
campo de control de longitud fija 090707s2009 dr 001 0 spa d
020 ## - NÚMERO INTERNACIONAL ESTÁNDAR DEL LIBRO
Número Internacional Estándar del Libro 9789945427615
040 ## - FUENTE DE LA CATALOGACIÓN
Centro catalogador/agencia de origen DO-SdBNP
Lengua de catalogación spa
Centro/agencia transcriptor BNPHU
082 ## - NÚMERO DE LA CLASIFICACIÓN DECIMAL DEWEY
Número de clasificación 152.42
Número de documento/Ítem M792p
100 1# - ENTRADA PRINCIPAL--NOMBRE DE PERSONA
Nombre de persona Montilla, Eddy
Fechas asociadas al nombre 1969-
9 (RLIN) 10235
245 10 - MENCIÓN DE TÍTULO
Título Para eso nací :
Resto del título historias para entender por qué algunas personas son felices y otras no /
Mención de responsabilidad, etc. Eddy Montilla.
246 10 - FORMA VARIANTE DE TÍTULO
Título propio/Titulo breve Historias para entender por qué algunas personas son felices y otras no
260 ## - PUBLICACIÓN, DISTRIBUCIÓN, ETC.
Lugar de publicación, distribución, etc. Santo Domingo :
Nombre del editor, distribuidor, etc. Búho,
Fecha de publicación, distribución, etc. 2009.
300 ## - DESCRIPCIÓN FÍSICA
Extensión 185 p. ;
Dimensiones 22 cm.
500 ## - NOTA GENERAL
Nota general Incluye índice
590 ## - NOTA LOCAL (RLIN)
Nota local Inventariado, 2018/LP
650 #0 - PUNTO DE ACCESO ADICIONAL DE MATERIA--TÉRMINO DE MATERIA
Término de materia o nombre geográfico como elemento de entrada Felicidad
9 (RLIN) 5856
650 #4 - PUNTO DE ACCESO ADICIONAL DE MATERIA--TÉRMINO DE MATERIA
Término de materia o nombre geográfico como elemento de entrada Alegria y tristeza
9 (RLIN) 10236
650 #0 - PUNTO DE ACCESO ADICIONAL DE MATERIA--TÉRMINO DE MATERIA
Término de materia o nombre geográfico como elemento de entrada Actitud (Psicología)
9 (RLIN) 852
650 #0 - PUNTO DE ACCESO ADICIONAL DE MATERIA--TÉRMINO DE MATERIA
Término de materia o nombre geográfico como elemento de entrada Emociones
9 (RLIN) 156
650 #0 - PUNTO DE ACCESO ADICIONAL DE MATERIA--TÉRMINO DE MATERIA
Término de materia o nombre geográfico como elemento de entrada Amor
9 (RLIN) 1688
650 #0 - PUNTO DE ACCESO ADICIONAL DE MATERIA--TÉRMINO DE MATERIA
Término de materia o nombre geográfico como elemento de entrada Culpa
9 (RLIN) 10237
910 ## - DATOS DE OPCIÓN DEL USUARIO (OCLC)
Datos de opción del usuario Jornada de catalogación
Holdings
Estado de retiro Estado de pérdida Restricciones de uso No para préstamo Código de colección Localización permanente Ubicación/localización actual Ubicación en estantería Fecha de adquisición Número de inventario Total de préstamos Signatura topográfica completa Código de barras Fecha visto por última vez Número de copia Precio válido a partir de Tipo de ítem Koha
        Dominicana de Servicio General General Depósito 07.07.2009 LF1   152.42 M792p 3248-30 25.06.2020 e. 3 25.06.2020 Libro y Folleto Colección Dominicana de Servicio
      Excluido de préstamo Patrimonio Dominicano Patrimonio Dominicano Patrimonio Dominicano Depósito 07.07.2009 LF1   152.42 M792p 3248-10 25.06.2020   25.06.2020 Libro y Folleto Colección Patrimonio Dominicano
      Excluido de préstamo Patrimonio Dominicano Patrimonio Dominicano Patrimonio Dominicano Depósito 07.07.2009 LF1   152.42 M792p 3248-20 25.06.2020 e. 2 25.06.2020 Libro y Folleto Colección Patrimonio Dominicano

Powered by Koha